NOTICIA DE UN SECUESTRO. (Registro nro. 61405)
[ vista simple ]
| 000 -LEADER | |
|---|---|
| fixed length control field | 00570nam a2200205 u 4500 |
| 001 - CONTROL NUMBER | |
| control field | 61405 |
| 005 - DATE AND TIME OF LATEST TRANSACTION | |
| control field | 20180714063024.0 |
| 008 - FIXED-LENGTH DATA ELEMENTS--GENERAL INFORMATION | |
| fixed length control field | 140827s2009 xx r 000 0 spa d |
| 020 ## - INTERNATIONAL STANDARD BOOK NUMBER | |
| International Standard Book Number | 978-607-07-0472-7 |
| 082 0# - DEWEY DECIMAL CLASSIFICATION NUMBER | |
| Classification number | 863 |
| Item number | GAR |
| 100 1# - MAIN ENTRY--PERSONAL NAME | |
| Personal name | GARCIA GABRIEL, MARQUEZ |
| Relator term | autor |
| 245 10 - TITLE STATEMENT | |
| Title | NOTICIA DE UN SECUESTRO. |
| 250 ## - EDITION STATEMENT | |
| Edition statement | 1a. edición |
| 264 1# - PRODUCTION, PUBLICATION, DISTRIBUTION, MANUFACTURE, AND COPYRIGHT NOTICE | |
| Place of production, publication, distribution, manufacture | México : |
| Name of producer, publisher, distributor, manufacturer | Diana |
| Date of production, publication, distribution, manufacture, or copyright notice | 2009 |
| 300 ## - PHYSICAL DESCRIPTION | |
| Extent | 346 paginas ; : |
| Other physical details | 18 cm. |
| 336 ## - CONTENT TYPE | |
| Content type term | texto |
| Source | rdacotent |
| 337 ## - MEDIA TYPE | |
| Media type term | sin mediciación |
| Source | rdamedia |
| 338 ## - CARRIER TYPE | |
| Carrier type term | volumen |
| Source | rdacarrier |
| 650 #0 - SUBJECT ADDED ENTRY--TOPICAL TERM | |
| Topical term or geographic name entry element | Literatura |
| Withdrawn status | Lost status | Source of classification or shelving scheme | Damaged status | Not for loan | Collection code | Home library | Current library | Shelving location | Date acquired | Source of acquisition | Total Checkouts | Full call number | Barcode | Date last seen | Date last checked out | Price effective from | Koha item type |
|---|---|---|---|---|---|---|---|---|---|---|---|---|---|---|---|---|---|
| Dewey Decimal Classification | General | Tehuacán | Tehuacán | Sala general | 27/08/2014 | Compra | GAR | 508412 | 08/01/2025 | 23/02/2018 | 27/08/2014 | Libro |